000 00553nam a2200205Ia 4500
003 OSt
005 20230508115621.0
008 210423s2013 xx 000 0 und d
020 _a9780521187312
040 _cAL
041 _aeng
082 _a530.141 FLED
_223
100 _aFLEISCH (Daniel).
_999885
245 _aStudent''s guide to Maxwell''s equations.
260 _aNew Delhi
_bCambridge University Press
_c2013
300 _aix,134
_bPB
365 _b245
_cINR
906 _aequations. ; guide ; maxwell''s ; Student''s
942 _2ddc
_cBK
999 _c162466
_d162466